00910nam a22002177a 450000100060000000300080000600500170001400800410003103500190007204000350009104100080012608200320013410000250016624501780019126000790036930000390044850200850048750400360057265000460060870000380065481902BD-RjUL20230911171644.0230911s2021 bg a|||| m||| 00| 0 eng d a(BD-RjUL)81902 aBD-RjULbengcBD-RjULdBD-RjUL aeng 223a553.285095492bKHI 2021 aKhatun, Mst. Momataz10aInquest of sustainable development : bRegulatory framework of upstream operation of natural gas in Bangladesh /cBy Mst. Momataz Khatun ;6Supervisor : Abu, Naser Md. Wahid aRajshahi :bInstitute of Bangladesh Studies, University of Rajshahi,c2021 axxii, 328 leaves :bill, ;c29.cm. aThesis (Ph. D.) -- Institute of Bangladesh Studies, University of Rajshahi, 2021 aBibliography : Leaves 263 - 283 aNatural gasvEconomic geologyzBangladesh aWahid, Abu, Naser Md. Supervisor